000 00775nab a2200241 u 4500
001 10642
003 HDC
007 cr bn ---aaaaa
008 210205c20130520my dr|nes 0 a may d
040 _aHDC
245 0 _aNegara Eropah tunjuk minat belajar
260 _aKuala Lumpur :
_bNew Straits Times Press (M) Bhd.,
_c2013
336 _atext
_2rdacontent
337 _acomputer
_2rdamedia
338 _aonline resource
_2rdacarrier
650 _aBank and banking
_97656
650 _aIslamic banking
_9270
710 _aHarian Metro
856 _zRequest full-text at [email protected]
942 _2lcc
942 _cNEWS
942 _kNWSC 003891
999 _c7965
_d7965